000 00484nam a2200181Ia 4500
008 230917s9999||||xx |||||||||||||| ||und||
020 _cGBP76.99
040 _e216397
_aMAIN
041 _aEnglish
082 _a589.3 B28A(2)
100 _aBarsanti, Laura
245 0 _aAlgae: Anatomy, biochemistry and biotechnology
250 _a2nd. ed.
260 _aBoca Raton
_bCRC Press
_c2014
300 _axv, 343 p.
500 _a1551 19/05/2014 51 20/05/2014 Main Budget
942 _cBK
999 _c11430
_d11430